000 00441nam a2200145Ia 4500
008 240729s9999 xx 000 0 und d
022 _a2504-0537
245 0 _aFrontiers in Research Metrics and Analytics
260 _aSwitzerland
260 _bFrontiers Media S.A.
650 _aBibliography. Library science. Information resources
856 _uhttps://doaj.org/toc/e3fd3d395beb45399d639ab2238a475f
942 _2ddc
942 _cDOAJEJ
999 _c67010
_d67010
945 _a1
_bMadushi Gamage
_c1
_dMadushi Gamage